Balance preliminar de las economías de América Latina y el Caribe 1999

Guardado en:
Detalles Bibliográficos
Autores Corporativos: CEPAL (Autor), Comisión Económica para América Latina y el Caribe (Autor)
Formato: Libro
Lenguaje:español
Publicado: Santiago CEPAL 1999
Materias:
Etiquetas: Agregar Etiqueta
Sin Etiquetas, Sea el primero en etiquetar este registro!

MARC

LEADER 00000nam a2200000 a 4500
001 UCO5155
003 CL-VaPUC
008 000825e19991216CL |||||||||||||||||spa|d
082 0 4 |a 330.98  |b CEP  |2 21 
110 2 |a CEPAL  |e author  |9 449912 
710 2 |a Comisión Económica para América Latina y el Caribe  |e author  |9 449913 
245 1 0 |a Balance preliminar de las economías de América Latina y el Caribe 1999 
300 |a 78 p 
942 |c BK 
945 |d 20000825 00:00:00  |a cmena 
260 |a Santiago  |b CEPAL  |c 1999 
650 0 |a Desarrollo económico y social   |9 256320 
650 0 |a Economía   |9 255568 
650 0 |a Estadísticas  |9 258644 
650 0 |a América Latina  |9 437006 
583 |a last modification  |c 20000825 00:00:00  |k Rodrigo Vera 
999 |c 291106  |d 291104 
952 |0 0  |1 0  |4 0  |6 330_980000000000000_CEP_1999  |7 0  |8 A  |9 340794  |a BIBDER  |b BIBDER  |d 2019-11-20  |i 3595277  |o 330.98 CEP 1999  |p 3595277  |r 2023-01-25  |w 2019-11-20  |y BK  |k DER 
952 |0 0  |1 0  |4 0  |6 330_980000000000000_CEP_1999  |7 0  |8 A  |9 340795  |a BIBING  |b BIBING  |d 2019-11-20  |i 3595226  |o 330.98 CEP 1999  |p 3595226  |r 2025-01-20  |w 2019-11-20  |y BK  |k EII 
952 |0 0  |1 0  |4 0  |6 330_980000000000000_CEP_1999  |7 0  |8 P  |9 340796  |a BIBGIM  |b BIBGIM  |d 2019-11-20  |i 3595048  |o 330.98 CEP 1999  |p 3595048  |r 2025-01-15  |w 2019-11-20  |y BK  |k GIM